000 02805nam a2200445 i 4500
001 768714001
003 CO-MdFUSB
005 20220126170636.0
007 cr aa aaaaa
008 211212t2010 -us||||g |||| 00| 0 spa d
020 _a9781683228059
_qelectrónico
040 _aCO-MdFUSB
_bspa
_cCO-MdFUSB
_dCO-MdFUSBC
_erda
041 _aspa
082 _223
_a248.844
245 _a¿Qué dice la Biblia sobre el matrimonio?
_c/ compilado por Barbour Staff
_h[electrónico]
264 1 _aEstados Unidos :
_bCasa Promesa,
_c[2010]
264 4 _c© 2010
300 _a192 páginas
_c;
336 _2rdacontent
_atexto
_btxt
337 _2rdamedia
_ainformático
_bc
338 _2rdacarrier
_aremoto
_bcr
505 _tDefinición del matrimonio:
_aCómo lograr unidad. -- Sumisión mutua. -- Compartir una visión.
505 _tVerdadero amor:
_aDefinición de amor. -- Ser firme. -- Muestras de afecto.
505 _tTu cónyuge y tú Matrimonio?
_aDefinir al hombre ideal. -- Definir a la mujer ideal. -- Aspirar a ser un buen compañero. -- Mirar más allá de los defectos de tu cónyuge. -- Apoyo mutuo. -- Respetar a tu cónyuge. -- La vida con un cónyuge no creyente.
505 _tDivorcio y segundas nupcias:
_aEvitar el divorcio. -- Me he vuelto a casar
505 _tComunicación
_aComunicarse bien . -- Escuchar bien. -- Manejar el conflicto. --Evitar pleitos.
505 _tIra y abuso:
_aCómo tratar con la ira. -- Cómo resistir la amargura. -- No tomar todo en consideración. -- Confrontar el abuso. -- Buscar ayuda. -- Recuperación del abuso.
505 _tSexo e intimidad:
_aLa vida íntima. -- Disfrutar el sexo. -- Cómo mantener la pureza. -- Avisos contra la infidelidad. -- Guardarse de la inmoralidad.
505 _tTu familia y tú:
_aCompartir la perspectiva de Dios sobre los hijos. -- Ser intencional en la crianza de los hijos. -- Servir juntos. -- Imponer una disciplina. -- Honrar a los padres.
505 _tRasgos de un matrimonio fuerte:
_aEscoger un espíritu alegre. -- Sentirte seguro en tu identidad en Cristo. -- Conocer tu propia valía. -- Permanecer humilde. -- Tratar con las dificultades. -- Encontrar la fortaleza en Cristo. -- Estar agradecido por lo que Dios te da. -- Glorificar a Dios juntos.
506 _aSolicitar clave y usuario para acceder al libro electrónico.
506 _aLibro multiusuario.
650 7 _9300
_aMatrimonio
650 0 _919
_aVida cristiana
700 _95959
_aStaff, Barbour,
_ecompilador
856 _b2226242
_uhttp://search.ebscohost.com/login.aspx?direct=true&scope=site&db=nlebk&db=nlabk&AN=2226242
_zAbrir Versión electrónica del libro ¿Qué Dice La Biblia Sobre El Matrimonio?
942 _cBK
945 _aJTF-925
999 _c67055
_d67055